| 000 | 00628nam a2200169 a 4500 | ||
|---|---|---|---|
| 001 | 000043855 | ||
| 005 | 20201002045016.0 | ||
| 008 | 140507s1992 ve 000 0 spa d | ||
| 020 | _a9806201175 | ||
| 040 |
_aDO-SdBNP _bspa _cBNPHU |
||
| 245 | 0 | 0 |
_aCuándo se jodió Venezuela / _cRamón J. velázquez...[et.al.] prólogo Ruth Caprilies Méndez. |
| 260 |
_aCaracas, Venezuela : _bConsorcio de Ediciones Capriles, _c1992. |
||
| 300 |
_a238 p. ; _c22 cm. |
||
| 504 | _aIncluye referencias bibliográficas y notas la pie de las páginas | ||
| 700 | 1 | 2 |
_aVelázquez, Ramón J _971721 |
| 700 | 1 | 2 |
_aCaprilies Méndez, Ruth _epról. _971722 |
| 999 |
_c43344 _d43344 |
||